Alle Länder Südamerikas der Größe nach - Statistiken

Allgemein
  • Dieses Quiz wurde 340 mal gespielt
  • Das Durchschnittsergebnis liegt bei 11 aus 12
Antwortstatistiken
Fläche Land % Korrekt
2.766.890 km² Argentinien
100%
8.547.400 km² Brasilien
100%
1.285.216 km² Peru
98%
1.138.910 km² Kolumbien
96%
756.950 km² Chile
94%
1.098.580 km² Bolivien
93%
912.050 km² Venezuela
93%
406.752 km² Paraguay
92%
272.045 km² Ecuador
91%
176.215 km² Uruguay
90%
163.465 km² Suriname
89%
214.969 km² Guyana
88%
Keine übereinstimmenden Quizze gefunden
Verteilung der Resultate
Anzahl Personen mit jedem Resultat
Perzentil nach korrekt beantworteten Fragen
Ihre Resultats-Entwicklung
Sie haben dieses Quiz noch nicht gespielt